000
00267nam a22001097a 4500
082
_a
621.4 COR'T
100
_a
CORMAC, P
_9
80147
245
_a
A TREATISE ON ENGINES BALNCE USING EXPERIMENTAL
260
_a
LONDON
_b
CHAPMAN & HALL
_c
1923
300
_a
151P
942
_c
BK
999
_c
585110
_d
585110